000 00236nam a22000857a 4500
008 170608b xxu||||| |||| 00| 0 eng d
100 _93341
_aSuman. S
245 _aIndian takes and folk takes
260 _aNew delhi
_bChildren's Book Trust
_c2003
999 _c6660
_d6660